00455nam a22001337a 4500008004100000040005500041080001800096100001900114245009000133260004600223300001600269650002100285653001500306230329b |||||||| |||| 00| 0 eng d aNational Science LibrarycNational Science Library aD 681.324bP6 aValade, Janet  aPHP & MySQL: bYour visual blueprint for creating dynamic, database-driven web sites  aIndiana: bWiley Publishing Inc., c2006  axii, 307p.  aDatabase-driven  aWeb sites